000 00826nam0a22002531 4500
001 rc\4094400
005 20130415162242.6
021 _aRU
_b[51-24987]
035 _a(NLR Aleph) 007972632
090 _a8469370
_c8469370
100 _a20130415d1951 |||y0rusy50 ca
101 0 _arus
102 _aRU
105 _aa z |||a|
200 1 _aИван да Марья
_eПьеса в 4 д., 5 карт.
_fСтихи и песни Н. Кончаловской
210 _aМосква
_cИскусство
_d1951
215 _a83 с., 5 л. ил.
_cил.
_d17
700 1 _aГольдфельд
_bВ. А.
_f1908-
_gВладимир Александрович
702 1 _aКончаловская
_bН.
_4570
801 0 _aRU
_bNLR
_gpsbo
801 1 _aRU
_bELAR
_2rusmarc
852 _aNLR
_jЛ30 Г-2/2511
942 _cBOOK
980 _aNB